000
00215nam a2200085 4500
001
1235327
005
20250930124143.0
245
_a
TUHAF ŞEYLER İLGİNÇ İNSAN VÜCUDU
_c
ŞEBNEM PİŞKİN
260
_b
ÇOCUK GEZEGENİ
999
_c
1235327
_d
1235327